[Event "SVK 3.liga A2"]
[Site "?"]
[Date "2019.11.24"]
[Round "4.3"]
[White "Slaba, Andrea"]
[Black "Sebesta, Radovan"]
[Result "1/2-1/2"]
[WhiteElo "1927"]
[BlackElo "2002"]
[PlyCount "81"]
[EventDate "2019.10.06"]

1. d4 Nf6 2. c4 e6 3. Nc3 Bb4 4. Qc2 O-O 5. a3 Be7 6. e4 d6 7. Bd3 e5 8. d5
Nbd7 9. Nf3 Nc5 10. Be2 a5 11. O-O b6 12. b3 Bd7 13. Bg5 Ng4 14. Bxe7 Qxe7 15.
b4 Nb7 16. Bd3 Nf6 17. Rfe1 Nh5 18. g3 Qf6 19. Nh4 Bh3 20. Bf1 Bd7 21. Nf5 g6
22. Ne3 Qg5 23. h4 Qe7 24. Bd3 Ng7 25. Nb5 Bh3 26. Bf1 Bc8 27. Ng2 f5 28. exf5
Bxf5 29. Bd3 Qf7 30. Bxf5 Nxf5 31. Rad1 Rac8 32. Ne3 Nxe3 33. Rxe3 Ra8 34. Rf1
axb4 35. axb4 Qd7 36. Kg2 c6 37. Nc3 Rf7 38. Rc1 Raf8 39. Ne4 c5 40. b5 Kg7 41.
Ra1 1/2-1/2

[Event "SVK 3.liga A2"]
[Site "?"]
[Date "2019.11.24"]
[Round "4.3"]
[White "Palka, Miroslav"]
[Black "Podjavorinsky, Michal"]
[Result "1/2-1/2"]
[WhiteElo "1853"]
[BlackElo "1980"]
[PlyCount "92"]
[EventDate "2019.10.06"]

1. c4 e5 2. Nc3 Nc6 3. g3 d6 4. Bg2 Be6 5. b3 Qd7 6. Nd5 Nge7 7. e4 Nd4 8. Bb2
Nec6 9. Ne3 f5 10. Bxd4 Nxd4 11. Nxf5 Bxf5 12. exf5 Qxf5 13. Rc1 Be7 14. Ne2
Nf3+ 15. Bxf3 Qxf3 16. O-O O-O-O 17. Rc3 Qg4 18. Kg2 Rdf8 19. f3 Qd7 20. d4 Bf6
21. dxe5 Bxe5 22. Rd3 Qc6 23. Rd5 Re8 24. Re1 Rhf8 25. f4 Bf6 26. Ng1 Rxe1 27.
Qxe1 Re8 28. Qf2 Qb6 29. Qxb6 axb6 30. Rd2 Kd7 31. Nf3 Kc6 32. Kf2 b5 33. Nd4+
Bxd4+ 34. Rxd4 bxc4 35. Rxc4+ Kd7 36. Kf3 d5 37. Rc2 b5 38. g4 b4 39. h4 Kd6
40. h5 h6 41. g5 Re4 42. Rg2 c5 43. gxh6 gxh6 44. Rg6+ Re6 45. f5 Rxg6 46. fxg6
Ke7 1/2-1/2

[Event "SVK 3.liga A2"]
[Site "?"]
[Date "2019.11.24"]
[Round "4.3"]
[White "Siska, Kristof"]
[Black "Skapikova, Lubica"]
[Result "0-1"]
[WhiteElo "1842"]
[BlackElo "1815"]
[PlyCount "78"]
[EventDate "2019.10.06"]

1. e4 e5 2. Nf3 Nc6 3. Bb5 a6 4. Ba4 Nf6 5. d3 b5 6. Bb3 Be7 7. O-O d6 8. c3
Bg4 9. Re1 O-O 10. Nbd2 Na5 11. Bc2 c5 12. Nf1 Nc6 13. h3 Bh5 14. Ng3 Bg6 15.
a4 b4 16. Nf5 Bxf5 17. exf5 Re8 18. Bg5 h6 19. Bh4 Nh7 20. Bxe7 Rxe7 21. d4
exd4 22. Rxe7 Qxe7 23. cxd4 c4 24. Qd2 d5 25. Re1 Qd6 26. Ne5 a5 27. Nxc6 Qxc6
28. b3 Nf6 29. bxc4 dxc4 30. Re5 b3 31. Rc5 Qxa4 32. Bb1 Qa1 33. Qc1 Qxd4 34.
Rxc4 Qa1 35. Qd1 a4 36. Rc7 Qb2 37. Bd3 Rd8 38. Qf3 Qa1+ 39. Kh2 Qe5+ 0-1

[Event "SVK 3.liga A2"]
[Site "?"]
[Date "2019.11.24"]
[Round "4.3"]
[White "Lanik, Miroslav"]
[Black "Strapko, Tomas"]
[Result "1-0"]
[WhiteElo "1845"]
[BlackElo "1892"]
[PlyCount "71"]
[EventDate "2019.10.06"]

1. e4 c5 2. Nf3 Nc6 3. d4 cxd4 4. Nxd4 Nf6 5. Nc3 e5 6. Ndb5 d6 7. Bg5 a6 8.
Na3 b5 9. Nd5 Be7 10. Bxf6 Bxf6 11. c3 Bg5 12. Nc2 Rb8 13. Nce3 O-O 14. Bd3 Be6
15. O-O Ne7 16. Bc2 Bxe3 17. Nxe3 b4 18. cxb4 Rxb4 19. b3 Ng6 20. g3 Qg5 21.
Kh1 Rd4 22. Qe2 Ne7 23. Rad1 Bh3 24. Rg1 Nc6 25. Bd3 a5 26. Bc4 Rxe4 27. Qf3
Rxc4 28. bxc4 Nd4 29. Qd5 Bg4 30. Rxd4 Bf3+ 31. Qxf3 exd4 32. Nd5 Qd2 33. a3
Qc2 34. Rd1 Qxc4 35. Qe4 Qc5 36. Qxd4 1-0

[Event "SVK 3.liga A2"]
[Site "?"]
[Date "2019.11.24"]
[Round "4.3"]
[White "Miciak, Emanuel"]
[Black "Kir, Kvetoslav"]
[Result "1-0"]
[WhiteElo "1827"]
[BlackElo "1763"]
[PlyCount "37"]
[EventDate "2019.10.06"]

1. d4 Nf6 2. c4 g6 3. Nc3 Bg7 4. e4 O-O 5. Be3 d6 6. f3 e5 7. d5 c5 8. Bd3 Na6
9. Nge2 Nc7 10. Qd2 Re8 11. g4 h5 12. h3 Re7 13. Bg5 Nce8 14. Ng3 a6 15. gxh5
gxh5 16. Qg2 Rb8 17. Rg1 b5 18. Bxf6 Nxf6 19. Nf5 1-0

[Event "SVK 3.liga A2"]
[Site "?"]
[Date "2019.11.24"]
[Round "4.3"]
[White "Lauko, Tomas"]
[Black "Orvisky, Vladimir"]
[Result "1/2-1/2"]
[WhiteElo "1725"]
[BlackElo "1704"]
[PlyCount "71"]
[EventDate "2019.10.06"]

1. e4 Nf6 2. Nc3 d5 3. e5 d4 4. exf6 dxc3 5. fxg7 cxd2+ 6. Qxd2 Qxd2+ 7. Bxd2
Bxg7 8. O-O-O Bf5 9. Nf3 Nd7 10. Bc4 e6 11. Be3 a6 12. Rhg1 O-O-O 13. Bg5 Bf6
14. Bxf6 Nxf6 15. Ne5 Bg6 16. f3 Rxd1+ 17. Rxd1 Rd8 18. g4 Nd7 19. Nd3 b5 20.
Bb3 c5 21. c4 Kc7 22. Nf4 Ne5 23. cxb5 axb5 24. Nxg6 hxg6 25. Rxd8 Kxd8 26. Bd1
g5 27. Kd2 f5 28. b3 b4 29. Ke3 f4+ 30. Ke4 Ng6 31. Be2 Kd7 32. Bb5+ Kd6 33.
Be8 Nh4 34. Bf7 Ke7 35. Bg8 Kd6 36. Bf7 1/2-1/2

[Event "SVK 3.liga A2"]
[Site "?"]
[Date "2019.11.24"]
[Round "4.3"]
[White "Bardik, Jozef"]
[Black "Havlicek, Peter"]
[Result "1-0"]
[WhiteElo "1844"]
[BlackElo "1713"]
[PlyCount "77"]
[EventDate "2019.10.06"]

1. d4 c6 2. c4 d5 3. Nc3 Nf6 4. e3 Bf5 5. Bd2 Nbd7 6. f4 h6 7. Nf3 e6 8. c5 Be7
9. Be2 Ne4 10. O-O Ndf6 11. Ne5 O-O 12. Rc1 Nxc3 13. Bxc3 Ne4 14. Bd3 Bf6 15.
Ng4 Kh7 16. Nf2 g5 17. Qc2 Nxc3 18. Bxf5+ Kh8 19. bxc3 exf5 20. Qxf5 Bg7 21.
Nh3 f6 22. fxg5 fxg5 23. Qd3 Qe7 24. Nf2 Rf7 25. Rce1 Raf8 26. e4 dxe4 27. Rxe4
Qd7 28. Ree1 Qd5 29. Qe2 b6 30. cxb6 axb6 31. Qe6 Qb5 32. Qe2 Qa5 33. Qc2 Ra7
34. Re2 Rfa8 35. Rfe1 Kg8 36. Qg6 Rf7 37. Ng4 Kf8 38. Nxh6 Qd5 39. Nxf7 1-0

[Event "SVK 3.liga A2"]
[Site "?"]
[Date "2019.11.24"]
[Round "4.4"]
[White "Lanc, Alois"]
[Black "Babirat, Michal"]
[Result "1-0"]
[WhiteElo "2281"]
[BlackElo "1876"]
[PlyCount "69"]
[EventDate "2019.10.06"]

1. e4 c5 2. Nf3 g6 3. Bc4 Nc6 4. c3 Bg7 5. O-O d6 6. d4 cxd4 7. cxd4 Nf6 8. Nc3
O-O 9. d5 Na5 10. Be2 b6 11. h3 a6 12. Be3 b5 13. b4 Nc4 14. Bxc4 bxc4 15. Nd4
Bd7 16. Qe2 Rc8 17. a4 e6 18. b5 exd5 19. exd5 Re8 20. Qf3 Qa5 21. Bd2 Qb6 22.
Nc6 Bxc6 23. dxc6 d5 24. Rae1 d4 25. Nd5 Nxd5 26. Rxe8+ Rxe8 27. Qxd5 c3 28.
Bf4 Bf8 29. Qd7 Rd8 30. Bc7 Rxd7 31. Bxb6 Re7 32. c7 Re8 33. Bxd4 Bb4 34. b6
Ba5 35. Rc1 1-0

[Event "SVK 3.liga A2"]
[Site "?"]
[Date "2019.11.24"]
[Round "4.4"]
[White "Holicky, Miroslav"]
[Black "Arendas, Marek"]
[Result "0-1"]
[WhiteElo "1788"]
[BlackElo "2111"]
[PlyCount "48"]
[EventDate "2019.10.06"]

1. d4 d5 2. c4 e6 3. Nf3 Nf6 4. g3 c5 5. dxc5 Bxc5 6. Bg2 O-O 7. O-O Nc6 8. a3
dxc4 9. Qc2 Qb6 10. Qxc4 Na5 11. Qc2 Nb3 12. Ra2 Ng4 13. Ng5 f5 14. Nh3 Bd7 15.
Bf4 Rac8 16. Nc3 Nd4 17. Qb1 e5 18. b4 Bd6 19. Bd2 Be6 20. Nd5 Nxe2+ 21. Kh1
Qb5 22. a4 Qc4 23. Nhf4 exf4 24. Bxf4 Nxf4 0-1

[Event "SVK 3.liga A2"]
[Site "?"]
[Date "2019.11.24"]
[Round "4.4"]
[White "Nicolini, Alexander"]
[Black "Suchan, Jozef"]
[Result "1-0"]
[WhiteElo "2152"]
[BlackElo "1722"]
[PlyCount "35"]
[EventDate "2019.10.06"]

1. e4 e5 2. Nf3 Nc6 3. Bb5 a6 4. Ba4 Nf6 5. d3 d6 6. O-O b5 7. Bb3 Na5 8. Bg5
Nxb3 9. axb3 Be7 10. Nc3 b4 11. Bxf6 Bxf6 12. Nd5 Rb8 13. Qe1 c5 14. Nd2 O-O
15. Nc4 Bb7 16. Qe2 Bxd5 17. exd5 Be7 18. Rxa6 1-0

[Event "SVK 3.liga A2"]
[Site "?"]
[Date "2019.11.24"]
[Round "4.4"]
[White "Drahos, Miroslav"]
[Black "Szitkey, Milan"]
[Result "0-1"]
[WhiteElo "1718"]
[BlackElo "2056"]
[PlyCount "64"]
[EventDate "2019.10.06"]

1. e4 d5 2. exd5 Qxd5 3. d4 Nf6 4. Nf3 Bg4 5. Be2 e6 6. c4 Qd8 7. Nc3 Be7 8.
O-O O-O 9. h3 Bh5 10. Be3 c6 11. Qb3 Qc7 12. Rfd1 Nbd7 13. Rac1 Rfe8 14. d5 Nc5
15. Bxc5 Bxc5 16. dxc6 bxc6 17. Qc2 e5 18. Ng5 Bg6 19. Nge4 Re6 20. Bd3 Nxe4
21. Nxe4 Bd4 22. c5 Qe7 23. b4 Qh4 24. Rf1 Rd8 25. Qe2 Bh5 26. Qd2 Rg6 27. Kh2
Bg4 28. Ng3 Rh6 29. Nf5 Bxf5 30. Bxf5 Bxc5 31. Qc2 Bb6 32. Bg4 Qxg4 0-1

[Event "SVK 3.liga A2"]
[Site "?"]
[Date "2019.11.24"]
[Round "4.4"]
[White "Sturdik, Igor"]
[Black "Benkovsky, Peter"]
[Result "1-0"]
[WhiteElo "1971"]
[BlackElo "1643"]
[PlyCount "91"]
[EventDate "2019.10.06"]

1. e4 e6 2. d4 d5 3. Nc3 Nf6 4. Bg5 Be7 5. e5 Nfd7 6. Bxe7 Qxe7 7. f4 a6 8. Nf3
c5 9. dxc5 Nxc5 10. Be2 Nc6 11. O-O Nd7 12. Kh1 O-O 13. Bd3 f5 14. exf6 Nxf6
15. Re1 h6 16. Nh4 Qd6 17. Ng6 Re8 18. Qf3 Ne7 19. Rad1 Bd7 20. Ne5 Rf8 21. Qe2
Rae8 22. Nxd7 Qxd7 23. Qxe6+ Qxe6 24. Rxe6 Ng4 25. Kg1 Nf6 26. g3 Nc6 27. Rxe8
Rxe8 28. Nxd5 Nxd5 29. Bc4 Nce7 30. Bxd5+ Nxd5 31. Rxd5 Re2 32. Rc5 Kf8 33. h4
b5 34. Kf1 Rd2 35. a3 Ke7 36. Re5+ Kd6 37. Re2 Rd1+ 38. Kf2 Kd7 39. Kf3 Rf1+
40. Kg4 Rd1 41. Kf5 Rd6 42. Re3 g6+ 43. Kg4 Rd2 44. Rd3+ Rxd3 45. cxd3 Ke6 46.
h5 1-0

[Event "SVK 3.liga A2"]
[Site "?"]
[Date "2019.11.24"]
[Round "4.4"]
[White "Kosticky, Simon"]
[Black "Mosny, Jaroslav"]
[Result "1/2-1/2"]
[WhiteElo "1760"]
[BlackElo "1900"]
[PlyCount "94"]
[EventDate "2019.10.06"]

1. c4 Nf6 2. Nc3 e5 3. g3 d5 4. cxd5 Nxd5 5. Bg2 Nb6 6. Nf3 Nc6 7. O-O Be7 8.
d3 O-O 9. Be3 Bg4 10. a4 a6 11. a5 Nd5 12. Nxd5 Qxd5 13. Nd4 Qd7 14. Nxc6 bxc6
15. Re1 Rab8 16. Qc2 Bb4 17. Reb1 c5 18. f3 Be6 19. f4 Bd5 20. Bxd5 Qxd5 21.
Qc4 Qxc4 22. dxc4 Rbd8 23. Rd1 e4 24. f5 Rfe8 25. Kf2 c6 26. Bf4 Rd4 27. Ke3
Red8 28. Rxd4 Rxd4 29. Be5 Bd2+ 30. Kf2 e3+ 31. Kf3 Rxc4 32. Bf4 Kf8 33. Bxe3
Bxe3 34. Kxe3 Rb4 35. Ra2 Ke7 36. Kf3 Kf6 37. g4 Kg5 38. h3 h5 39. gxh5 Kxf5
40. Ra3 Rxb2 41. Rd3 c4 42. Rd6 Rb3+ 43. e3 Rb5 44. Rxc6 Rxa5 45. Rxc4 Kg5 46.
Rc7 f6 47. Rxg7+ Kxh5 1/2-1/2

[Event "SVK 3.liga A2"]
[Site "?"]
[Date "2019.11.24"]
[Round "4.4"]
[White "Doucha, Ludvig"]
[Black "Jancik, Ondrej"]
[Result "1-0"]
[WhiteElo "1823"]
[BlackElo "1548"]
[PlyCount "111"]
[EventDate "2019.10.06"]

1. d4 Nf6 2. e3 g6 3. h4 d5 4. h5 Nxh5 5. Rxh5 gxh5 6. Qxh5 Be6 7. Bd3 Nd7 8.
Nc3 Nf6 9. Qh4 Rg8 10. Qh1 Rg5 11. Nf3 Rh5 12. Qf1 Bh6 13. Bd2 c6 14. O-O-O Qc7
15. Ne5 Rxe5 16. dxe5 Qxe5 17. f4 Qc7 18. f5 Bd7 19. Qf3 O-O-O 20. Rh1 Bg5 21.
Kd1 d4 22. exd4 Bxd2 23. Kxd2 Rg8 24. Ne2 h5 25. c3 Qa5 26. a3 Qd5 27. Qxd5
cxd5 28. Nf4 Rg5 29. Re1 e6 30. fxe6 fxe6 31. Be2 Ne4+ 32. Ke3 h4 33. Bf3 e5
34. dxe5 Rxe5 35. Kd4 Re8 36. Nxd5 Nd6 37. Rxe8+ Bxe8 38. Bg4+ Bd7 39. Bxd7+
Kxd7 40. Nf4 Kc6 41. Ng6 Kb5 42. b3 Nf5+ 43. Kd3 Kc5 44. c4 a5 45. Kc3 Kd6 46.
Kd3 Kc5 47. Kc3 Kd6 48. b4 a4 49. Kd3 Ke6 50. Ke4 Nd6+ 51. Kd4 Nf5+ 52. Kc5 Kd7
53. Kb6 Ne3 54. c5 Nxg2 55. Kxb7 h3 56. c6+ 1-0

[Event "SVK 3.liga A2"]
[Site "?"]
[Date "2019.11.24"]
[Round "4.4"]
[White "Nemcovic, Peter"]
[Black "Dzivak, Jan"]
[Result "1-0"]
[WhiteElo "1639"]
[BlackElo "1389"]
[PlyCount "77"]
[EventDate "2019.10.06"]

1. d4 d5 2. c4 e6 3. Nc3 Nf6 4. cxd5 exd5 5. e3 Nbd7 6. Bd3 b6 7. Nf3 Bb7 8.
O-O Bd6 9. Bd2 O-O 10. Rc1 Ne4 11. Nb5 Ndf6 12. Be1 a6 13. Nxd6 Qxd6 14. Ne5
Nd7 15. Nf3 f5 16. a3 Rf6 17. Nd2 Rh6 18. h3 c5 19. Qf3 Rf8 20. Bb1 Qg6 21.
Nxe4 fxe4 22. Qg3 a5 23. dxc5 Ba6 24. Qxg6 Rxg6 25. Ba2 Nxc5 26. Bxd5+ Kh8 27.
Bc4 b5 28. Be2 Nd3 29. Bxd3 exd3 30. Bxa5 Rf5 31. Bd2 Rfg5 32. g3 Rh5 33. Kg2
Bb7+ 34. f3 Rf6 35. Rc7 Ba6 36. Rfc1 h6 37. Rd7 Rhf5 38. f4 g5 39. Bc3 1-0

[Event "SVK 3.liga A2"]
[Site "?"]
[Date "2019.11.24"]
[Round "4.5"]
[White "Horak, Ivan"]
[Black "Liptak, Tomas"]
[Result "0-1"]
[WhiteElo "2025"]
[BlackElo "2204"]
[PlyCount "122"]
[EventDate "2019.10.06"]

1. e4 c5 2. b3 Nc6 3. Bb2 e6 4. e5 f6 5. Bd3 g6 6. Nf3 Bg7 7. Qe2 Qc7 8. h4
Nxe5 9. Nxe5 fxe5 10. h5 g5 11. h6 Bf6 12. Qh5+ Kf8 13. Na3 d5 14. O-O-O Qf7
15. Qh2 e4 16. Be2 Bxb2+ 17. Kxb2 Qf4 18. g3 Qe5+ 19. Kb1 Nf6 20. f4 Qf5 21.
fxg5 Qxg5 22. Rdf1 Ke7 23. Qf2 b6 24. Rh5 Qg6 25. Qf4 Bd7 26. Rg5 Qxh6 27. Nb5
Bxb5 28. Bxb5 Rac8 29. Qe5 Rhf8 30. c4 d4 31. Rf4 Rf7 32. Rh4 Qf8 33. Kb2 Qd8
34. Rh6 d3 35. Ka3 Qd4 36. Qf4 Ng8 37. Rxe6+ Kxe6 38. Qg4+ Kf6 39. Qf5+ Ke7 40.
Qxc8 Nf6 41. Qb8 Ke6 42. Bc6 Qd6 43. Qc8+ Ke7 44. Bd5 e3 45. Bxf7 Kxf7 46. Qb7+
Ke6 47. Rg7 e2 48. Qf7+ Kf5 49. Rxh7 e1=Q 50. Rh5+ Kg4 51. Qg6+ Kf3 52. Qf5+
Ke2 53. Rh2+ Kd1 54. Qf3+ Kc1 55. Rh1 Qxh1 56. Qxh1+ Kxd2 57. Qg2+ Ke3 58. Qg1+
Kf3 59. Qf1+ Kg4 60. Qd1+ Kg5 61. Qd2+ Kg6 0-1

[Event "SVK 3.liga A2"]
[Site "?"]
[Date "2019.11.24"]
[Round "4.5"]
[White "Liptak, Dusan"]
[Black "Sefcik, Marek"]
[Result "1-0"]
[WhiteElo "2121"]
[BlackElo "1992"]
[PlyCount "81"]
[EventDate "2019.10.06"]

1. d4 e6 2. c4 d5 3. Nc3 Nf6 4. Nf3 Nbd7 5. Bf4 c6 6. e3 Bb4 7. Bd3 dxc4 8.
Bxc4 Nd5 9. Qb3 Qa5 10. O-O Nxf4 11. exf4 Nb6 12. a3 Bxc3 13. bxc3 O-O 14. Rfe1
Nxc4 15. Qxc4 Qf5 16. g3 Qd5 17. Qd3 h6 18. c4 Qd6 19. c5 Qc7 20. Ne5 Rd8 21.
Nc4 Rd5 22. Rab1 Qd8 23. Nd6 b6 24. Qc3 b5 25. Re4 Bd7 26. a4 a6 27. axb5 axb5
28. Ra1 Ra4 29. Rxa4 bxa4 30. Qb4 Qa8 31. Re3 Qa6 32. Ra3 e5 33. Rxa4 Qe2 34.
Ra8+ Kh7 35. Qb1+ g6 36. Qb8 Qd1+ 37. Kg2 Bh3+ 38. Kxh3 Qf1+ 39. Kg4 f5+ 40.
Nxf5 gxf5+ 41. Kh4 1-0

[Event "SVK 3.liga A2"]
[Site "?"]
[Date "2019.11.24"]
[Round "4.5"]
[White "Jakubec, Milan"]
[Black "Sarmir, Milos"]
[Result "0-1"]
[WhiteElo "1995"]
[BlackElo "2061"]
[PlyCount "90"]
[EventDate "2019.10.06"]

1. e4 e5 2. Nf3 Nc6 3. Bb5 a6 4. Bxc6 dxc6 5. d4 exd4 6. Qxd4 Qxd4 7. Nxd4 Bd7
8. Be3 O-O-O 9. Nd2 g6 10. O-O-O Bg7 11. c3 Ne7 12. f3 c5 13. Nc2 b6 14. h3 Be6
15. Kb1 Rd3 16. Nb3 Rhd8 17. Rxd3 Rxd3 18. Nc1 Rd7 19. Ne2 f5 20. Ng3 fxe4 21.
Nxe4 Nd5 22. Bd2 Nf6 23. Bf4 Nxe4 24. fxe4 Bc4 25. Re1 Bd3 26. Kc1 Re7 27. e5
h6 28. Re3 Bc4 29. b3 Bd5 30. g4 Rf7 31. Bg3 Be6 32. Kd1 h5 33. gxh5 gxh5 34.
Ne1 Bxh3 35. Kc2 Be6 36. Rf3 Rxf3 37. Nxf3 Bh6 38. Bh4 Bf4 39. Bf6 Bf5+ 40. Kb2
Kd7 41. Ng5 Bg3 42. Nf3 Bg4 43. Nh4 Ke6 44. Ng6 Bf5 45. Nh4 Be4 0-1

[Event "SVK 3.liga A2"]
[Site "?"]
[Date "2019.11.24"]
[Round "4.5"]
[White "Puchart, Vladimir"]
[Black "Husek, Lubomir"]
[Result "1-0"]
[WhiteElo "2023"]
[BlackElo "1889"]
[PlyCount "91"]
[EventDate "2019.10.06"]

1. d4 d5 2. c4 c6 3. Nc3 Nf6 4. Nf3 Nbd7 5. cxd5 cxd5 6. Bf4 a6 7. Qa4 Qb6 8.
Qc2 e6 9. e3 Be7 10. Bd3 O-O 11. O-O Qa5 12. Rfc1 h6 13. a3 b5 14. Na2 Ne8 15.
Qc6 Qb6 16. Ne5 Qxc6 17. Nxc6 Bf6 18. Nab4 Bb7 19. Na5 Ra7 20. Rc2 e5 21. dxe5
Nxe5 22. Bxe5 Bxe5 23. Nac6 Bxc6 24. Nxc6 Bxh2+ 25. Kxh2 Rd7 26. Rac1 Nf6 27.
Nd4 g6 28. Rc8 Rb7 29. Kg1 Nd7 30. Kf1 Ne5 31. Ke2 Nc4 32. Rxf8+ Kxf8 33. Bxc4
dxc4 34. Kd2 Ke7 35. Kc3 Rb6 36. Rh1 h5 37. a4 bxa4 38. Ra1 Rf6 39. f3 Rd6 40.
Rxa4 Kf6 41. Kxc4 Kg5 42. Kc5 Rf6 43. b3 Kh6 44. e4 h4 45. e5 Rf4 46. Ne2 1-0

[Event "SVK 3.liga A2"]
[Site "?"]
[Date "2019.11.24"]
[Round "4.5"]
[White "Zlamal, Marek"]
[Black "Vlkovic, Pavol"]
[Result "1-0"]
[WhiteElo "1843"]
[BlackElo "1834"]
[PlyCount "91"]
[EventDate "2019.10.06"]

1. e4 d6 2. Nf3 Nd7 3. Nc3 e5 4. Bc4 c6 5. d3 Be7 6. O-O h6 7. Re1 Ngf6 8. Bb3
Nf8 9. d4 Qc7 10. d5 g5 11. dxc6 bxc6 12. Qe2 Ng6 13. Qc4 O-O 14. Rd1 Qb7 15.
Ne2 Be6 16. Qa4 Nh5 17. Be3 Kh7 18. Nd2 d5 19. Nf1 d4 20. Bd2 Nhf4 21. Neg3 Nh4
22. Bxf4 gxf4 23. Bxe6 fxe6 24. Nh1 Rg8 25. g3 Nf3+ 26. Kg2 Ng5 27. Nd2 c5 28.
f3 Raf8 29. g4 Bd8 30. Nf2 Qe7 31. Nc4 Nf7 32. Rh1 h5 33. Kf1 Qc7 34. Ke2 Bh4
35. h3 Rb8 36. Nd3 Bf6 37. Rag1 h4 38. Qa6 Rge8 39. a3 Bg7 40. g5 Kg6 41. Rg4
Nxg5 42. Rhg1 Bf6 43. Ncxe5+ Kh5 44. Rxh4+ Kxh4 45. Nxf4 d3+ 46. Qxd3 1-0

[Event "SVK 3.liga A2"]
[Site "?"]
[Date "2019.11.24"]
[Round "4.5"]
[White "Hornak, Pavol"]
[Black "Stehlik, Jan"]
[Result "1/2-1/2"]
[WhiteElo "1755"]
[BlackElo "1653"]
[PlyCount "80"]
[EventDate "2019.10.06"]

1. d4 e6 2. c4 d5 3. Nf3 Nf6 4. g3 c5 5. Bg2 Nc6 6. cxd5 Nxd5 7. O-O Be7 8.
dxc5 O-O 9. a3 Bxc5 10. Qc2 Be7 11. Rd1 Qb6 12. Nbd2 Qc5 13. Qxc5 Bxc5 14. Ne4
Be7 15. Bd2 Rd8 16. Nc3 Nxc3 17. Bxc3 Bd7 18. Ne5 Be8 19. Nxc6 Bxc6 20. Bxc6
bxc6 21. Kf1 Kf8 22. e3 Rxd1+ 23. Rxd1 Rd8 24. Rxd8+ Bxd8 25. Ke2 f6 26. Kd3
Ke7 27. Bb4+ Kd7 28. a4 Bc7 29. Kc4 Bd6 30. Bxd6 Kxd6 31. b4 Kc7 32. Kc5 e5 33.
h3 g5 34. g4 Kd7 35. b5 cxb5 36. Kxb5 Kc7 37. f3 Kb7 38. a5 a6+ 39. Kc5 Kc7 40.
Kd5 Kd7 1/2-1/2

[Event "SVK 3.liga A2"]
[Site "?"]
[Date "2019.11.24"]
[Round "4.5"]
[White "Stasek, Daniel"]
[Black "Prigoda, Lubos"]
[Result "1-0"]
[WhiteElo "1621"]
[BlackElo "1480"]
[PlyCount "57"]
[EventDate "2019.10.06"]

1. e4 c5 2. Nf3 Nc6 3. d4 cxd4 4. Nxd4 Nf6 5. Nc3 d6 6. Be2 e5 7. Nb3 a6 8. a4
Be6 9. Be3 Be7 10. O-O O-O 11. Kh1 Bxb3 12. cxb3 Nb4 13. f4 Rc8 14. Bf3 Rc6 15.
Qe2 Qc7 16. Rac1 a5 17. Rfd1 Qb8 18. Qb5 b6 19. fxe5 dxe5 20. Nd5 Nfxd5 21.
exd5 Rxc1 22. Rxc1 Bd8 23. Bd2 Be7 24. Be3 Bd8 25. Qd7 Be7 26. Qxe7 Nd3 27. Rc7
Ne1 28. Be4 Qa8 29. Qh4 1-0

[Event "SVK 3.liga A2"]
[Site "?"]
[Date "2019.11.24"]
[Round "4.5"]
[White "Zelensky, Ivan"]
[Black "Svrcek, Daniel"]
[Result "1/2-1/2"]
[WhiteElo "1437"]
[BlackElo "1426"]
[PlyCount "74"]
[EventDate "2019.10.06"]

1. e4 e6 2. Nc3 d5 3. exd5 exd5 4. d4 c6 5. Nf3 Nf6 6. Bg5 Bd6 7. Qe2+ Be6 8.
Qd3 O-O 9. Be2 Bg4 10. Ne5 Bxe2 11. Nxe2 Re8 12. Ng4 Nbd7 13. O-O Be7 14. Ne5
Ne4 15. Bxe7 Rxe7 16. Nxd7 Qxd7 17. Ng3 Rae8 18. Nxe4 Rxe4 19. Qd2 Re2 20. Qc3
R8e4 21. Rfe1 Qe7 22. Rxe2 Rxe2 23. Kf1 Re4 24. Qg3 Qe8 25. c3 g6 26. Qc7 Re7
27. Qf4 Kg7 28. b4 Re4 29. Qd2 Qe7 30. Re1 f5 31. f3 Rxe1+ 32. Qxe1 Qxe1+ 33.
Kxe1 b5 34. h4 Kf6 35. Kf2 f4 36. g4 g5 37. h5 h6 1/2-1/2

[Event "SVK 3.liga A2"]
[Site "?"]
[Date "2019.11.24"]
[Round "4.6"]
[White "Spacek, Oliver"]
[Black "Takacs, Laszlo"]
[Result "1-0"]
[WhiteElo "2197"]
[BlackElo "2239"]
[PlyCount "123"]
[EventDate "2019.10.06"]

1. d4 Nf6 2. Nf3 c5 3. d5 e6 4. c4 exd5 5. cxd5 d6 6. Nc3 g6 7. Bf4 Bg7 8. Qd2
O-O 9. Bh6 Re8 10. Bxg7 Kxg7 11. h3 a6 12. a4 Ne4 13. Nxe4 Rxe4 14. g4 Qf6 15.
Qc3 Nd7 16. Bg2 Nb6 17. Qxf6+ Kxf6 18. a5 Ra4 19. Rxa4 Nxa4 20. b3 Nc3 21. Nd2
Bd7 22. Nc4 Ke7 23. Kd2 Nb5 24. f4 Rh8 25. e3 h5 26. g5 Kd8 27. Kd3 Kc7 28. e4
Nd4 29. Rb1 Bb5 30. Rb2 Rf8 31. Ke3 f6 32. h4 fxg5 33. hxg5 Re8 34. Kd3 Rf8 35.
Ke3 Re8 36. Kf2 Rf8 37. Kg3 Nxb3 38. Nxd6 Kxd6 39. Rxb3 c4 40. Rb1 Kc5 41. Kf3
c3 42. Ke3 h4 43. Rc1 Kc4 44. e5 Rh8 45. Bh3 Kb3 46. f5 gxf5 47. Bxf5 h3 48. g6
h2 49. Rh1 c2 50. Kd2 Kc4 51. Be6 Rh4 52. g7 Ba4 53. g8=Q Rd4+ 54. Ke2 Rd1 55.
Qc8+ Kd4 56. Rxh2 Bb5+ 57. Kf2 c1=Q 58. Rh4+ Kxe5 59. Qb8+ Kf6 60. Rf4+ Qxf4+
61. Qxf4+ Ke7 62. Qc7+ 1-0

[Event "SVK 3.liga A2"]
[Site "?"]
[Date "2019.11.24"]
[Round "4.6"]
[White "Cibulka, Vladimir"]
[Black "Gzib, David"]
[Result "1/2-1/2"]
[WhiteElo "2149"]
[BlackElo "2011"]
[PlyCount "134"]
[EventDate "2019.10.06"]

1. e4 c5 2. c3 d5 3. d3 dxe4 4. dxe4 Qxd1+ 5. Kxd1 Nf6 6. f3 Nc6 7. Na3 Bd7 8.
Be3 e6 9. Nh3 O-O-O 10. Kc2 Ne5 11. Nc4 Nxc4 12. Bxc4 h6 13. Rhd1 b5 14. Be2
Be7 15. Nf2 Bc6 16. Nd3 Nd7 17. b3 a5 18. Nb2 Ne5 19. a4 Rxd1 20. Rxd1 bxa4 21.
Nxa4 Bxa4 22. bxa4 Kc7 23. f4 Nc6 24. Bb5 Rd8 25. Rxd8 Nxd8 26. Kd3 Nb7 27. h3
f6 28. g4 Kb6 29. Bd7 Nd8 30. Kc4 Bd6 31. f5 e5 32. Kd5 Be7 33. h4 Bf8 34. g5
hxg5 35. hxg5 Be7 36. gxf6 gxf6 37. Bb5 Bf8 38. Bf2 Be7 39. Bg1 Bf8 40. Be3 Be7
41. Bh6 Kc7 42. Bg7 Kb6 43. Bc4 Kc7 44. Bb3 Kd7 45. Kc4 Kc6 46. Kd3 Nb7 47.
Bd5+ Kc7 48. Bxb7 Kxb7 49. Bh6 Kc6 50. Bg7 Kd7 51. Bh6 Kc6 52. Bd2 Kd7 53. Be1
Kc6 54. c4 Bd8 55. Ke3 Kd7 56. Kf3 Ke8 57. Kg4 Kf7 58. Kh5 Kg7 59. Bd2 Bb6 60.
Be3 Ba7 61. Bh6+ Kf7 62. Bd2 Bb6 63. Kh6 Bc7 64. Kh7 Bb6 65. Be1 Bc7 66. Bd2
Bd8 67. Kh8 Bc7 1/2-1/2

[Event "SVK 3.liga A2"]
[Site "?"]
[Date "2019.11.24"]
[Round "4.6"]
[White "Cajka, Tibor"]
[Black "Blaho, Stefan"]
[Result "1/2-1/2"]
[WhiteElo "2139"]
[BlackElo "2055"]
[PlyCount "64"]
[EventDate "2019.10.06"]

1. e4 d6 2. d4 Nf6 3. Nc3 Nbd7 4. Be3 e5 5. d5 Be7 6. f3 c6 7. Qd2 O-O 8. g4
cxd5 9. exd5 a6 10. O-O-O b5 11. Qf2 Qa5 12. g5 Nh5 13. Kb1 Rb8 14. Qh4 g6 15.
Nge2 Nb6 16. Bxb6 Rxb6 17. Ne4 f5 18. gxf6 Bxf6 19. Nxf6+ Nxf6 20. Bh3 Qa4 21.
Qh6 Qc4 22. Rd3 b4 23. Rg1 Rb7 24. f4 Rc7 25. Rdg3 Qxc2+ 26. Ka1 Bxh3 27. fxe5
Bf5 28. Nd4 Qe4 29. exf6 Qxd4 30. Rxg6+ Bxg6 31. Rxg6+ hxg6 32. Qxg6+ Kh8
1/2-1/2

[Event "SVK 3.liga A2"]
[Site "?"]
[Date "2019.11.24"]
[Round "4.6"]
[White "Bugar, Peter"]
[Black "Ocko, Martin"]
[Result "1-0"]
[WhiteElo "1992"]
[BlackElo "2046"]
[PlyCount "63"]
[EventDate "2019.10.06"]

1. c4 Nf6 2. Nc3 g6 3. g3 Bg7 4. Bg2 O-O 5. e4 e5 6. Nge2 Nc6 7. O-O d6 8. d3
Nh5 9. Nd5 f5 10. exf5 Bxf5 11. Nec3 Be6 12. Be3 Nd4 13. Re1 c6 14. Bxd4 exd4
15. Rxe6 dxc3 16. Nxc3 Bd4 17. Ne4 Qb6 18. Rxd6 Qxb2 19. Rb1 Bxf2+ 20. Kh1 Qe5
21. d4 Qe7 22. c5 Rf5 23. g4 Rf4 24. Qe2 Qh4 25. gxh5 Raf8 26. Nxf2 Rxf2 27.
Qe6+ Kh8 28. Qe5+ Kg8 29. Rd7 R2f7 30. Qe6 Qxh5 31. Rf1 g5 32. Rxb7 1-0

[Event "SVK 3.liga A2"]
[Site "?"]
[Date "2019.11.24"]
[Round "4.6"]
[White "Nemeckay, Rastislav"]
[Black "Simonics, Peter"]
[Result "1/2-1/2"]
[WhiteElo "1923"]
[BlackElo "2086"]
[PlyCount "56"]
[EventDate "2019.10.06"]

1. e4 d6 2. d4 Nf6 3. Nc3 g6 4. Be3 c6 5. Qd2 Nbd7 6. f3 b5 7. d5 b4 8. dxc6
bxc3 9. cxd7+ Bxd7 10. Qxc3 Bg7 11. Bd4 O-O 12. Ba6 e5 13. Bf2 d5 14. exd5 Nxd5
15. Qd2 Be6 16. Ne2 Qc7 17. O-O Rfd8 18. Qc1 Nb4 19. Bd3 Rac8 20. Nc3 Nxd3 21.
cxd3 Rxd3 22. Rd1 Rxd1+ 23. Qxd1 a6 24. Qa4 Bc4 25. Rd1 e4 26. fxe4 Qf4 27. Qd7
Rf8 28. Bc5 Be5 1/2-1/2